Most Watched Movies Of All Time by Blurried Posters - Statistics

General Stats
  • This quiz has been taken 80 times
  • The average score is 6 of 10
Answer Stats
Picture Hint Answer % Correct
#18 (1975) Jaws
100%
#11 (1993) Jurassic Park
100%
#9 (1972) The Godfather
100%
#1 (1997) Titanic
100%
#22 (2001-2010) Shrek
95%
#5 (2001-2003) The Lord of the Rings
95%
#2 (1982) E.T. the Extra-Terrestrial
92%
#32 (1999) The Matrix
90%
#24 (1985) Back to the Future
88%
#19 (1999) Fight Club
86%
#39 (2012) The Avengers
86%
#20 (1994) Pulp Fiction
85%
#16 (2008) The Dark Knight
85%
#12 (1981) Raiders of the Lost Ark (Indiana Jones)
76%
#21 (1994) Forrest Gump
74%
#38 (2000) Gladiator
71%
#13 (2001-2011) Harry Potter
70%
#17 (2003) Pirates of the Caribbean: The Curse of the Black Pearl
70%
#4 (1977-2019) Star Wars
68%
#26 (1960) Psycho
67%
#33 (1995) Braveheart
65%
#7 (1991) Terminator 2: Judgment Day
65%
#8 (1994) The Lion King
64%
#30 (1998) Saving Private Ryan
62%
#35 (1983) Scarface
55%
#14 (1994) The Shawshank Redemption
50%
#29 (1939) Gone with the Wind
47%
#15 (1993) Schindler's List
47%
#37 (1942) Casablanca
44%
#27 (1965) The Sound of Music
42%
#25 (1941) Citizen Kane
27%
#34 (1946) It's a Wonderful Life
27%
#23 (2007) Transformers
27%
#40 (1956) The Ten Commandments
16%
#3 (1939) The Wizard of Oz
15%
#31 (2002) City of God
13%
#28 (1959) Ben-Hur
11%
#6 (1937) Snow White and the Seven Dwarfs
11%
#36 (1954) Seven Samurai
0%
#10 (1979) The Jesus Film
0%
No matching quizzes found
Score Distribution
Percent of People with Each Score
Percentile by Number Answered
Your Score History
You have not taken this quiz